书目信息 |
| 题名: |
韩非子校注
|
|
| 作者: | 《韩非子》校注组 校注 | |
| 分册: | ||
| 出版信息: | 南京 江苏人民出版社 1982.11 |
|
| 页数: | 780页 | |
| 开本: | 32开 | |
| 丛书名: | ||
| 单 册: | ||
| 中图分类: | B226.5 | |
| 科图分类: | ||
| 主题词: | 先秦哲学 | |
| 电子资源: | ||
| ISBN: | ||
| 000 | 00585nam0 2200205 45 | |
| 001 | 0211110970 | |
| 005 | 20051221142600.62 | |
| 010 | @dCNY3.00 | |
| 091 | @a11100.070 | |
| 100 | @a20021111d1982 km y0chiy0120 ea | |
| 101 | 0 | @achi |
| 105 | @ab z 000yy | |
| 200 | 1 | @a韩非子校注@AHan Fei Zi Xiao Zhu@f《韩非子》校注组校注@F《Han Fei Zi》Xiao Zhu Zu Xiao Zhu |
| 210 | @a南京@c江苏人民出版社@d1982.11 | |
| 215 | @a780页@c插图:摹真@d32开 | |
| 606 | 0 | @a先秦哲学 |
| 690 | @aB226.5@v3 | |
| 701 | 0 | @a《韩非子》校注组@4校注 |
| 801 | @aCN@bTSTC@c20051221 | |
| 905 | @f1@b86992@dB226.5@e16 | |
| 韩非子校注/《韩非子》校注组校注.-南京:江苏人民出版社,1982.11 |
| 780页:插图:摹真;32开 |
| ISBN :CNY3.00 |
| ● |
| 相关链接 |
|
|
|
|
正题名:韩非子校注
索取号:B226.5/16
 
预约/预借
| 序号 | 登录号 | 条形码 | 馆藏地/架位号 | 状态 | 备注 |
| 1 | 0086991 | 202180736 | 密集书库/ [索取号:B226.5/16] | 在馆 | |
| 2 | 0086992 | 001620776 | 第一样本阅览室/ [索取号:B226.5/16] | 在馆 |